| 000 | 01011nam a22003377a 4500 | ||
|---|---|---|---|
| 001 | 0028877 | ||
| 003 | KOHA_MİRAKIL | ||
| 005 | 20260207002643.0 | ||
| 007 | ta | ||
| 008 | 110325b1999 tu |||gr||||#||||0|tur | | ||
| 020 |
_a9755560017 _c3 |
||
| 040 |
_aTR-BiSEU _btur _cTR-BiSEU _erda |
||
| 041 | 0 | _atur | |
| 044 | _ctu | ||
| 050 |
_aQC21.2 _b.C73 1999 |
||
| 100 | 1 | _aCrawford, Frank S.. | |
| 245 | 1 |
_aDalgalar : _bberkeley fizik dersleri : _bproblem çözümleri/ _cFrank S. Crawford ; çev. Ali Fuat Cesur, Tahsin Nuri Durlu, Yalçın Elerman. |
|
| 250 | _a6. bs. | ||
| 264 | 1 |
_aAnkara : _bBilim Yayınları _c1999 |
|
| 300 | _a388 s. 3. c. | ||
| 336 |
_ametin _btxt _2rdacontent |
||
| 337 |
_aaracısız _bn _2rdamedia |
||
| 338 |
_acilt _bnc _2rdacarrier |
||
| 490 | 1 | _aBilim Yayınları ;94. | |
| 500 | _a3. cilt : XIV, 388 s. | ||
| 650 | 0 |
_aFizik. _91572 |
|
| 650 | 0 |
_aDalgalar. _957183 |
|
| 650 | 0 |
_aSalınımlar. _957184 |
|
| 830 | 1 |
_aBilim Yayınları ;94. _957185 |
|
| 942 |
_2lcc _cBK |
||
| 999 |
_c28799 _d28799 |
||